<?xml version="1.0" encoding="UTF-8"?>
<record
    xmlns:xsi="http://www.w3.org/2001/XMLSchema-instance"
    xsi:schemaLocation="http://www.loc.gov/MARC21/slim http://www.loc.gov/standards/marcxml/schema/MARC21slim.xsd"
    xmlns="http://www.loc.gov/MARC21/slim">

  <leader>00486nam a2200157Ia 4500</leader>
  <controlfield tag="008">190805s9999||||xx |||||||||||||| ||und||</controlfield>
  <datafield tag="020" ind1=" " ind2=" ">
    <subfield code="a">540072710</subfield>
    <subfield code="c">Rs. 600.00</subfield>
  </datafield>
  <datafield tag="082" ind1="0" ind2="4">
    <subfield code="a">623.894</subfield>
    <subfield code="b">M7811</subfield>
  </datafield>
  <datafield tag="100" ind1="1" ind2=" ">
    <subfield code="a">Moore, D. A.</subfield>
  </datafield>
  <datafield tag="245" ind1="1" ind2="0">
    <subfield code="a">International lights, shapes and sound signals / </subfield>
  </datafield>
  <datafield tag="260" ind1=" " ind2=" ">
    <subfield code="a">London : </subfield>
    <subfield code="b">Stanford Maritime Ltd.,</subfield>
    <subfield code="c">1976</subfield>
  </datafield>
  <datafield tag="300" ind1=" " ind2=" ">
    <subfield code="a">143 p.</subfield>
    <subfield code="b"> : col. ill.</subfield>
    <subfield code="c">; 25 cm.</subfield>
  </datafield>
  <datafield tag="650" ind1=" " ind2="0">
    <subfield code="a">Signals and signaling</subfield>
    <subfield code="x">Standards</subfield>
  </datafield>
  <datafield tag="852" ind1=" " ind2=" ">
    <subfield code="a">IMU Kochi Library</subfield>
  </datafield>
  <datafield tag="942" ind1=" " ind2=" ">
    <subfield code="c">BK</subfield>
  </datafield>
  <datafield tag="999" ind1=" " ind2=" ">
    <subfield code="c">98</subfield>
    <subfield code="d">98</subfield>
  </datafield>
  <datafield tag="952" ind1=" " ind2=" ">
    <subfield code="0">0</subfield>
    <subfield code="1">0</subfield>
    <subfield code="4">0</subfield>
    <subfield code="6">623_894000000000000_M7811</subfield>
    <subfield code="7">0</subfield>
    <subfield code="8">NUTS</subfield>
    <subfield code="9">388</subfield>
    <subfield code="a">KO</subfield>
    <subfield code="b">KO</subfield>
    <subfield code="c">GEN</subfield>
    <subfield code="d">2017-05-18</subfield>
    <subfield code="e">Sterling Book House</subfield>
    <subfield code="g">600.00</subfield>
    <subfield code="l">1</subfield>
    <subfield code="o">623.894 M7811</subfield>
    <subfield code="p">BK002978</subfield>
    <subfield code="r">2023-08-09</subfield>
    <subfield code="s">2023-08-09</subfield>
    <subfield code="y">BK</subfield>
    <subfield code="z">Gen. Shelf-14, Row-6</subfield>
  </datafield>
  <datafield tag="952" ind1=" " ind2=" ">
    <subfield code="0">0</subfield>
    <subfield code="1">0</subfield>
    <subfield code="2">ddc</subfield>
    <subfield code="4">0</subfield>
    <subfield code="6">623_894000000000000_M7811</subfield>
    <subfield code="7">0</subfield>
    <subfield code="8">NUTS</subfield>
    <subfield code="9">389</subfield>
    <subfield code="a">KO</subfield>
    <subfield code="b">KO</subfield>
    <subfield code="c">GEN</subfield>
    <subfield code="d">2017-05-18</subfield>
    <subfield code="e">Sterling Book House</subfield>
    <subfield code="g">600.00</subfield>
    <subfield code="l">4</subfield>
    <subfield code="m">2</subfield>
    <subfield code="o">623.894 M7811</subfield>
    <subfield code="p">BK002979</subfield>
    <subfield code="r">2024-12-02</subfield>
    <subfield code="s">2024-11-14</subfield>
    <subfield code="y">BK</subfield>
    <subfield code="z">Shelf-12, Row-3</subfield>
  </datafield>
  <datafield tag="952" ind1=" " ind2=" ">
    <subfield code="0">0</subfield>
    <subfield code="1">0</subfield>
    <subfield code="4">0</subfield>
    <subfield code="6">623_894000000000000_M7811</subfield>
    <subfield code="7">0</subfield>
    <subfield code="8">NUTS</subfield>
    <subfield code="9">390</subfield>
    <subfield code="a">KO</subfield>
    <subfield code="b">KO</subfield>
    <subfield code="c">GEN</subfield>
    <subfield code="d">2017-07-25</subfield>
    <subfield code="e">Sterling Book House</subfield>
    <subfield code="g">600.00</subfield>
    <subfield code="o">623.894 M7811</subfield>
    <subfield code="p">BK004265</subfield>
    <subfield code="r">2019-08-05</subfield>
    <subfield code="y">BK</subfield>
    <subfield code="z">Gen. Shelf-14, Row-6</subfield>
  </datafield>
  <datafield tag="952" ind1=" " ind2=" ">
    <subfield code="0">0</subfield>
    <subfield code="1">0</subfield>
    <subfield code="4">0</subfield>
    <subfield code="6">623_894000000000000_M7811</subfield>
    <subfield code="7">0</subfield>
    <subfield code="8">NUTS</subfield>
    <subfield code="9">391</subfield>
    <subfield code="a">KO</subfield>
    <subfield code="b">KO</subfield>
    <subfield code="c">GEN</subfield>
    <subfield code="d">2017-07-25</subfield>
    <subfield code="e">Sterling Book House</subfield>
    <subfield code="g">600.00</subfield>
    <subfield code="l">3</subfield>
    <subfield code="o">623.894 M7811</subfield>
    <subfield code="p">BK004266</subfield>
    <subfield code="r">2023-03-20</subfield>
    <subfield code="s">2023-03-09</subfield>
    <subfield code="y">BK</subfield>
    <subfield code="z">Gen. Shelf-14, Row-6</subfield>
  </datafield>
  <datafield tag="952" ind1=" " ind2=" ">
    <subfield code="0">0</subfield>
    <subfield code="1">0</subfield>
    <subfield code="4">0</subfield>
    <subfield code="6">623_894000000000000_M7811</subfield>
    <subfield code="7">0</subfield>
    <subfield code="8">NUTS</subfield>
    <subfield code="9">392</subfield>
    <subfield code="a">KO</subfield>
    <subfield code="b">KO</subfield>
    <subfield code="c">REF</subfield>
    <subfield code="d">2017-05-18</subfield>
    <subfield code="e">Sterling Book House</subfield>
    <subfield code="g">600.00</subfield>
    <subfield code="o">623.894 M7811</subfield>
    <subfield code="p">BK002977</subfield>
    <subfield code="r">2019-08-05</subfield>
    <subfield code="y">BK</subfield>
    <subfield code="z">Shelf-2, Row-3</subfield>
  </datafield>
</record>
